MLB 2023 Silver Sluggers - Statistics

General Stats
  • This quiz has been taken 73 times
  • The average score is 12 of 22
Answer Stats
Position Player % Correct
OF Ronald Acuña Jr.
84%
DH Shohei Ohtani
84%
SS Corey Seager
80%
1B Matt Olson
73%
Team Texas Rangers
73%
Team Atlanta Braves
71%
OF Mookie Betts
64%
2B Marcus Semien
62%
3B Austin Riley
58%
C Adley Rutschman
56%
DH Bryce Harper
51%
OF Julio Rodríguez
51%
OF Juan Soto
49%
2B Luis Arraez
49%
UT Gunnar Henderson
45%
SS Francisco Lindor
42%
OF Kyle Tucker
38%
C William Contreras
38%
3B Rafael Devers
35%
1B Yandy Díaz
35%
UT Cody Bellinger
29%
OF Luis Robert Jr.
27%
No matching quizzes found
Score Distribution
Percent of People with Each Score
Percentile by Number Answered
Your Score History
You have not taken this quiz